000
00236nam a22001097a 4500
008
160519b xxu||||| |||| 00| 0 eng d
020
_a
0878574875
041
_a
eng
080
_a
61
245
_a
Fighting disease:
_c
Dis;
942
_2
udc
_c
BK
999
_c
2225
_d
2225